000 00588cam a22002053a 4500
001 40811
003 PGUSA
005 20140828083919.0
008 120920s2012||||xxu|||||s|||||000 | eng d
040 _aPGUSA
_beng
042 _adc
100 1 _aGibson, John Monro
245 1 0 _aExpositor's Bible :
_bThe Gospel of Matthew
_h[electronic resource] /
_cJohn Monro Gibson
260 _bProject Gutenberg,
_c2012
506 _aPublic domain in the USA.
516 _aElectronic text
830 0 _aProject Gutenberg
_v40811
856 4 0 _uhttp://www.gutenberg.org/ebooks/40811
942 _cEB
999 _c270063
_d270063